El tratamiento de las quemaduras / (Record no. 26645)

MARC details
000 -LEADER
campo de control de longitud fija 00657nam a2200205 i 4500
001 - NÚMERO DE CONTROL
campo de control 26645
003 - IDENTIFICADOR DE NÚMERO DE CONTROL
campo de control ES-MaACL
005 - FECHA Y HORA DE LA ÚLTIMA TRANSACCIÓN
campo de control 20230906153458.0
007 - CAMPO FIJO DE DESCRIPCIÓN FÍSICA--INFORMACIÓN GENERAL
campo de control de longitud fija t|
008 - DATOS DE LONGITUD FIJA--INFORMACIÓN GENERAL
campo de control de longitud fija 030110s1961 sp a |||| | spa d
080 ## - NÚMERO DE LA CLASIFICACIÓN DECIMAL UNIVERSAL
Número de la Clasificación Decimal Universal 616.5-001.17-08
100 1# - ENTRADA PRINCIPAL--NOMBRE DE PERSONA
Nombre de persona Artz, Curtis P.
9 (RLIN) 23504
245 13 - MENCIÓN DEL TÍTULO
Título El tratamiento de las quemaduras /
Mención de responsabilidad, etc. por Curtis P. Artz y Eric Reiss ; [versión... del inglés por el Dr. J. Morales Belda].
260 ## - PUBLICACIÓN, DISTRIBUCIÓN, ETC.
Lugar de publicación, distribución, etc. Madrid :
Nombre del editor, distribuidor, etc. Alhambra,
Fecha de publicación, distribución, etc. [1961]
300 ## - DESCRIPCIÓN FÍSICA
Extensión 263 p. :
Otras características físicas il. ;
Dimensiones 24 cm.
650 #4 - PUNTO DE ACCESO ADICIONAL DE MATERIA--TÉRMINO DE MATERIA
Término de materia o nombre geográfico como elemento de entrada Quemaduras-
Subdivisión general Tratamiento.
9 (RLIN) 152556
700 1# - ENTRADA AGREGADA--NOMBRE PERSONAL
Nombre de persona Reiss, Eric L.
9 (RLIN) 161473
700 1# - ENTRADA AGREGADA--NOMBRE PERSONAL
Nombre de persona Morales Belda, J.
9 (RLIN) 161471
852 ## - LOCALIZACIÓN
Ubicación ES-MaACL
Número de control de estantería C-20899
Holdings
Estatus retirado Estado de pérdida Estado de daño No para préstamo Biblioteca de origen Biblioteca actual Ubicación en estantería Fecha de adquisición Fuente de adquisición Total de préstamos Signatura topográfica completa Código de barras Visto por última vez Precio de reemplazo Tipo de ítem Koha
        Biblioteca del Ateneo de Madrid Biblioteca del Ateneo de Madrid Galería 17/01/2008     C-20899 1027496 23/02/2023 23/02/2023 Libro impreso